[Event "Høstturneringen 2011"]
[Site "Ås, Akershus NOR"]
[Date "2011.10.13"]
[Round "4"]
[White "Lea, Per"]
[Black "Snellingen, Jørn"]
[Result "0-1"]
[WhiteElo "1644"]
[BlackElo "1813"]
[Annotator "Lea,Per"]
[PlyCount "78"]
[EventDate "2011.09.01"]

1. e4 e5 2. Nf3 Nc6 3. Bb5 a6 4. Ba4 d6 5. d4 $2 {
Ser jo veldig naturlig ut, men kan fort føre til kjempeproblemer.} b5 6. Bb3
Nxd4 7. Nxd4 exd4 8. Qxd4 $4 Bb7 $2 {
Svart takker og bukker, og bukker tilbake. Etter} (8... c5 9. Qd5 Be6 10. Qc6+
Bd7 11. Qd5 c4 {hadde vi fått høstturneringas korteste parti - hvits eneste
fornuftige svar er å gi opp.} ({Jeg trodde svart måtte spille:} 11... Be6 12.
Qc6+ {Remis.})) 9. c4 Qf6 10. Qd3 $2 ({Jeg hadde ikke noe lyst til å hjelpe
svart til å utvikle springeren sin og selv bli stående med en bonde på f3:} 10.
Qxf6 Nxf6 11. f3) 10... Qg6 $1 {
Enkelt - og sterkt. Jeg hadde overhodet ikke sett denne muligheten.} 11. f3 $2
{Et forfeilet forsøk på å minimere skadeomfanget. Bedre sjanser ga (ifølge
Fritz):} (11. O-O Bxe4 12. Qh3 Qf5 (12... Bxb1 13. Rxb1 Qxb1 14. Qf3 {
Denne varianten så jeg ikke ved brettet, jeg var overbevist om at svart fikk
springeren på b1 gratis.}) 13. Qe3 {
og hvit står sannsynligvis bitte lite grann bedre.}) 11... Qxg2 12. Rf1 Qxh2
13. cxb5 Qg3+ 14. Rf2 Be7 15. Be3 Nf6 ({Jeg fryktet} 15... Bh4 {
men så overhodet ikke varianten} 16. Nd2 Qg1+ 17. Ke2 Qxa1 18. Rf1 Qxb2 19. Bd4
Qa3 20. Bxf7+ Kxf7 21. Qxa3 {
Svarts utviklingstrekk var derfor det klart sterkeste i stillingen.}) 16. Nc3
O-O 17. O-O-O axb5 18. Nxb5 {Under partiet tenkte jeg at jeg måtte i hvert
fall ikke slå tilbake med springeren. Men plutselig satt jeg med den i hånda
og hadde ikke noe valg... Det jeg overså, var at} (18. Qxb5 {
var nesten like dårlig og taper også en bonde:} Bxe4 $1 19. Re1 Rfb8 (19...
Bxf3 20. Qf1 Be4 (20... Bb7 21. Bf4 Qh4 22. Rh2 Qg4 23. Rxe7 {
med fordel for hvit.})) 20. Qg5 Qxg5 21. Bxg5 Rxb3 22. fxe4 Rbb8 {
med 2 sunne merbønder for svart.}) 18... Ba6 19. Bc4 Bxb5 20. Bxb5 Rxa2 21. Bc4
Ra1+ 22. Kc2 Rxd1 23. Kxd1 Ra8 24. Qb3 d5 25. exd5 Rd8 26. Kc2 Qd6 27. Rd2 Nd7
{En fornuftig plan - vel så fornuftig som Fritz' forslag om å begynne å løpe
med h-bonden. Svart satser heller på å aktivisere springeren i angrepets
tjeneste.} 28. f4 Bf6 {Et plutselig skifte av plan. Bedre var sannsynligvis:} (
28... Rb8) (28... Nb6) 29. Rh2 {I mangel av noe bedre, men hvis burde nok
satset på sitt eneste aktivum: løperparet. Et sluttspill hadde derfor vært
fornuftig å etterstrebe.} Rb8 30. Bb5 g6 {Safety first.} 31. Ba7 $2 {Forverrer 
situasjonen ytterligere, men det er ikke lett å finne noen ordentlig plan nå
som angrep i h-linja er dødfødt.} Rb7 32. Qh3 Rxb5 {Svart har full kontroll og
kan trygt ta med seg løperen: hvit kommer ingen vei med motangrepet.} 33. Qxh7+
Kf8 34. b3 Nb6 35. Qh6+ Bg7 36. Qh3 Rxd5 37. Bxb6 cxb6 {
Her var det forsert matt etter} (37... Qc6+ 38. Bc5+ (38. Kb1 Rd1+ 39. Ka2 Ra1#
) 38... Qxc5+ 39. Qc3 Qxc3+ 40. Kb1 Rd1+ 41. Ka2 Ra1# {
men svart har jo full kontroll uansett.}) 38. Qc8+ Qd8 39. Qc4 {Med bare få
sekunder igjen på klokka er det ikke så lett å se svarts dødelige svartrekk...}
Rc5 {Oppgitt.} 0-1

[Event "Høstturneringen 2011"]
[Site "Ås, Akershus NOR"]
[Date "2011.10.13"]
[Round "4"]
[White "Moberg, Jan Rune"]
[Black "Furnes, Torstein"]
[Result "0-1"]
[WhiteElo "1613"]
[BlackElo "1584"]
[Annotator "Furnes,Torstein"]
[PlyCount "90"]

1. Nf3 d5 2. d4 Nf6 3. c4 e6 4. g3 Be7 5. Bg2 O-O 6. O-O c6 {I databasen til
Fritz 10 er det vanligst å spille følgende variant (og det ville gitt en bedre
utvikling av løperen på c8 enn det som skjedde i partiet):} (6... dxc4 7. Qc2
a6 8. Qxc4 (8. a4 Bd7 9. Qxc4 Bc6) 8... b5 9. Qc2 Bb7) 7. Qc2 dxc4 {
Det mest spilte trekket hos Fritz er} (7... Nbd7) 8. a4 b6 {
Dermed er vi ute av åpningsbiblioteket til Fritz.} 9. Nbd2 Bb7 10. Ne5 $5 {
Et interessant bondeoffer som åpner opp for løperen på g2 og legger press på
svarts dronningfløy.} Qxd4 {Det er Fritz sitt tredjevalg å slå bonden på d4.
Frtiz vurderer Dc7 eller Dc8 som litt bedre.} 11. Ndxc4 Qd8 {Svart måtte
trekke dronningen helt tilbake til d8 for å unngå varianter der den kunne bli
fanget. Fritz mener nå at hvit har god kompensasjon for minusbonden og
vurderer stillingen som ganske lik (svart fordel på 0.2).} 12. a5 $6 {
Fritz liker ikke dette trekket så godt.} b5 13. Na3 Qc7 $2 {
Det er bedre å ta bonden på a5 med en gang.} (13... Qxa5) 14. Nd3 $6 {
Hvit ville fått en liten fordel etter} (14. Bf4 {
og nå er det ikke lenger like godt å slå på a5:} Qxa5 $6 {
(Dc8 eller Sd5 er bedre, selv om hvit da kan spille Sxb5)} 15. Nac4 Qd8 16. Na5
Qb6 17. Nxb7 Qxb7 18. Nxc6 Nxc6 19. Qxc6 (19. Bxc6 Rac8) 19... Qxc6 20. Bxc6
Rad8 21. Rxa7) 14... Qxa5 15. Bf4 Nd5 16. Nc4 Qd8 17. Na5 Qb6 18. Bd2 Nd7 19.
b4 Rfc8 20. e4 N5f6 21. Be3 Qc7 22. Nc5 {
En liten feil ifølge Fritz. Svarts fordel øker fra ca. 0.2 til 0.75.} Nxc5 23.
bxc5 Rd8 24. Bf4 Qc8 {Selv om det på kort sikt taper bonde, ville Fritz spilt}
(24... e5 25. Nxb7 Qxb7 26. Bxe5 {
og svarts sammenhengende fribønder i a- og b-linjen kan fort bli ubehagelige.})
25. Bf3 $6 {Svarts fordel øker fra 0.7 til 1.5 etter dette trekket, ifølge
Fritz. Bedre var å plassere et tårn i d-linjen.} Nd7 26. Be3 Bf6 27. Ra2 Be5 $6
{Ikke blant førstevalgene til Fritz. Svarts fordel faller fra ca. 1.5 til 1.0.}
28. Be2 a6 $6 {Svarts fordel faller fra 1.1 til 0.5 etter dette trekket. Fritz
liker bedre trekk som Sf6 eller Lc7.} 29. f4 Bc7 30. Qc3 Nf6 31. Bf3 Bxa5 32.
Rxa5 Rd7 33. f5 $6 {
En feil. Svarts fordel øker nå fra 0.5 til 2. Bedre var f.eks. Ld4.} exf5 34.
Bf4 $2 {
Tapstrekket. Etter 34.exf5 har svart to merbønder, men løperen på b7 er svak.}
fxe4 35. Bg2 Rd3 36. Qc1 Qd8 37. Ra1 Qd4+ 38. Kh1 Ng4 39. Bd6 $6 (39. h3 Ne3
40. Bxe3 Rxe3) 39... Nf2+ 40. Rxf2 ({Etter} 40. Kg1 $4 Nh3+ 41. Kh1 Qg1+ $1 42.
Rxg1 Nf2# {ville vi fått den klassiske kvelermatten}) 40... Qxf2 41. Bxe4 Rd2 (
41... Re3 {er mest avgjørende.}) 42. g4 Re8 43. Qb1 g6 44. Ra3 $2 Rxe4 $1 45.
Qxe4 Rd1+ 0-1

[Event "Høstturneringen 2011"]
[Site "Ås, Akershus NOR"]
[Date "2011.10.20"]
[Round "5"]
[White "Høva, Frode"]
[Black "Lea, Per"]
[Result "0-1"]
[WhiteElo "1548"]
[BlackElo "1644"]
[Annotator "Lea,Per"]
[PlyCount "70"]
[EventDate "2011.09.01"]

1. d4 d5 2. c4 e6 3. Nc3 Nf6 4. Bg5 Be7 5. e3 O-O 6. Nf3 Nbd7 7. cxd5 exd5 8.
Bd3 Re8 9. O-O c6 10. Qc2 Nf8 11. Rae1 ({Andre muligheter er:} 11. Rab1 {
Ne4 12. Bxe7 Qxe7 13. b4 a6 14. a4 Ng6 15. b5 axb5 16. axb5 Bg4 17. Bxe4 dxe4
18. Nd2 Bf5 {med liten fordel forhvit}) (11. Bxf6 Bxf6 12. b4 Bg4 13. Nd2 Be7
14. Rab1 Bd6 {
med initiativ for hvit, men med visse motsjanser for svart på kongefløyen.}) (
11. h3 Ne4 12. Bxe7 Qxe7 13. Bxe4 dxe4 14. Nd2 f5 {
med ørliten fordel for hvit. men svart står brukbart}) (11. Ne5 Ng4 $1 12. Bxe7
Qxe7 13. Nxg4 Bxg4 14. Bf5 Qg5 {
med omternt like sjanser, som i Flohr-Keres, Semmering-Baden, 1937}) (11. Nd2
Bd6 12. Kh1 Ng6 13. Nf3 h6 14. Bxf6 Qxf6 15. e4 dxe4 16. Nxe4 Qf4 {med like sja
nser. Alt dette er jo imponerende, men jeg må innrømme rubbel & bit er stjålet
fra Taimanov: Damengambit bis Holländisch, Sportverlag Berlin 1973. Ikke
akkurat dagsferskvare, men FRitz er stort sett enig. Erfaringen viser vel
egentlig at hvist beste sjanser ligger i et initiativ på dronningfløyen som
gjør svarts bonde på d5 svak, noe jeg i sin tid fikk bittert erfare i et
Østlandsserieparti mot Silje Bjerke for noen år siden.}) 11... Ne4 12. Bxe7
Qxe7 13. Nd2 ({Her anbefaler Taimanov} 13. Bxe4 dxe4 14. Nd2 f5 15. f3 exf3 16.
Nxf3 Be6 17. e4 fxe4 18. Rxe4 Rad8 19. Re5 h6 20. Ne4 Qb4 21. a3 Qc4 22. Qf2 {
med fordel for hvit (Marshall-Rubinstein, Moskva 1925)}) 13... Bf5 14. f3 (14.
Bxe4 Bxe4 15. Ndxe4 dxe4 16. f3 exf3 17. Rxf3 Ne6 18. Ref1 f6 19. Rg3 {
med litt bedre spill for hvit er Fritz' forslag.}) 14... Nxd2 15. Qxd2 Bg6 16.
e4 (16. Bxg6 Nxg6 17. e4 {er hvits beste forsøk på å beholde initiativet})
16... dxe4 17. fxe4 Qb4 18. Qf2 Rad8 19. d5 cxd5 20. Bb5 Re5 (20... Rxe4 {
For oss klasse 2-spillere er det ikke så lett å se at det beste visstnok er å
gi kvalitet for 2 bønder slik:} 21. Nxe4 dxe4 22. Be2 Qxb2 23. Qxa7 b6 24. Kh1
Rc8 25. Bd1 Rc1 26. Bb3 Rxe1 27. Rxe1 Qf2 28. Rg1 {
Teksttrekket gir initiativet tilbake til hvit}) 21. exd5 Rf5 22. Qxa7 {
Virker tvilsomt på meg, men det er nok det beste for hvit} Rxf1+ 23. Rxf1 Qxb2
24. Qd4 {Utpekt som tapstrekket av Frode etter partiet, og Fritz gir ham rett.
Dronninga skulle nok til c5 i stedet.} Rc8 25. Bc4 {
Sannsynligvis den helt avgjørende feilen. Hvit måtte nok prøve} (25. Rf3 Rxc3
26. Rxc3 Qxb5 27. Rb3 Qe2 28. h3 b5) 25... b5 26. Bxb5 Qxc3 27. Qxc3 Rxc3 28.
Rd1 {Det beste.} (28. d6 $2 Bd3 $1 29. Bxd3 (29. d7 Nxd7 30. Bxd7 Bxf1 31. Kxf1
$19)) 28... Rc8 {Litt feigt, og de hvite fribøndene kan fort bli farlige. Men
jeg mente under partiet at det var bedre å sikre en liten, men allikevel
avgjørende fordel, framfor å få til noe fancy som kanskje fungerer, kanskje
ikke. I ettertid er det lett å se at det er andre veier som fører til målet,
med med den digitale sjakklokkas lydløse tikking i bakgrunnen, er det ikke så
lett å tenke rasjonelt} 29. a4 Bf5 30. d6 Bd7 31. Bxd7 {
Hvits sjanser minker etter avbytter} Nxd7 32. Rb1 Rc6 33. Rb7 Rxd6 34. a5 Nf8 (
{Igjen velger jeg det sikre (dvs.: det jeg tror er sikkert) framfor det
spektakulære. Sånn er det bare med oss kjedelige spillere. Men det blir jo
noen poeng av det, da! Objektivt sett er det nok bedre å spille} 34... Kf8 35.
a6 Ke7 36. a7 Ra6 37. g4 Kd6 38. g5 Kc6 39. Rb8 Rxa7) 35. Rb8 Ra6 {Hvit ga opp.
Bindingen på 8.raden er ufarlig: svart frigjør seg ved å spille g6, Kg7 og
merspringeren er fri til å gripe inn i spillets gang} 0-1

[Event "Høstturneringen 2011"]
[Site "Ås, Akershus NOR"]
[Date "2011.10.20"]
[Round "5"]
[White "Snellingen, Jørn"]
[Black "Furnes, Torstein"]
[Result "1-0"]
[WhiteElo "1813"]
[BlackElo "1584"]
[Annotator "Furnes,Torstein"]
[PlyCount "61"]

1. c4 e5 2. Nf3 Nc6 {En alternativ teorivariant vi så litt på etter partiet er:
} (2... e4 3. Nd4 Nc6 4. Nxc6 dxc6 5. Nc3 Nf6) 3. Nc3 Nf6 4. d4 exd4 (4... e4 {
kunne gitt en del interessante varianter.} 5. Ng5 (5. Nd2 e3 6. fxe3 Bb4) (5.
d5 exf3 6. dxc6 fxg2 7. cxd7+ Qxd7 8. Qxd7+ Bxd7 9. Bxg2) 5... Bb4) 5. Nxd4
Nxd4 {Dette trekket finnes ikke i Fritz sin åpningsdatabase. Der er
hovedvarianten videre:} (5... Bb4 6. Bg5 h6 7. Bh4 Bxc3+ 8. bxc3 Ne5) 6. Qxd4
Be7 7. e4 d6 8. Be2 O-O 9. O-O Re8 10. f4 b6 11. Nd5 {Fritz 10 liker ikke
dette springertrekket så godt, og mener at hvits fordel på +0.3 blir snudd til
svart fordel på -0.5.} Nxd5 $6 {
Dermed er fordelen tilbake på +0.1 for hvit. Fritz vil heller spille} (11... c6
) 12. cxd5 Bf6 (12... f5 {er et interessant alternativ.}) 13. Qa4 Bd7 14. Qc2
Bd4+ 15. Kh1 a5 (15... f5 {
gir helt like sjanser ifølge Fritz. En mulig fortsettelse kunne blitt} 16. exf5
Qf6 17. Bd3 Rac8 18. Bd2 c6 19. dxc6 Bxc6) 16. Bd2 b5 (16... f5 {
kunne også her være interessant.}) 17. Bd3 g6 $6 {
Tvilsomt. Fritz sine to førstevalg er:} (17... b4) (17... Qh4) 18. a3 Ra7 $2 {
Et dårlig felt for tårnet.} 19. Rae1 Qf6 $2 {
En feil som øker hvits fordel fra +1.3 til +1.9. Fritz sine førstevalg er} (
19... Qa8) (19... Qc8) (19... Qh4) 20. e5 Qg7 21. e6 {Ifølge Fritz faller
hvits fordel fra +1.9 til +0.5 etter dette trekket. Fritz mener at det beste
for hvit er} (21. Bc3 Bxc3 22. Qxc3) 21... fxe6 22. dxe6 Rxe6 23. f5 {
Førstevalgene til Fritz var} (23. Bxb5 Rxe1 24. Bxe1 Bxb5 25. Qb3+ Qf7 26. Qxb5
) (23. Rxe6 Bxe6 24. f5) 23... Rxe1 24. Rxe1 gxf5 25. Bxf5 Bxf5 $2 {
En feil. Fritz vurderer sjansene som like etter} (25... c5) 26. Qxf5 Be5 {
Eneste trekk.} (26... Ra8 $4 {går ikke pga} 27. Qd5+ Qf7 28. Qxa8+) 27. Re4 Qf7
$4 {Tapstrekket. Etter} (27... Qf8 {
kan ikke Fritz finne noen avgjørende fortsettelse for hvit. F.eks.} 28. Rg4+
Bg7 29. Qxb5 c6 30. Qd3 Rf7) 28. Rg4+ Bg7 (28... Kf8 {taper etter} 29. Qc8+ Qe8
(29... Ke7 30. Bg5+ Bf6 31. Re4+ Qe6 32. Rxe6+ Kf7 33. Rxf6+ Ke7 34. Rf8#) 30.
Rg8+ Kxg8 31. Qxe8+) 29. Qc8+ Qf8 30. Rxg7+ $1 Kxg7 31. Bh6+ $1 1-0

[Event "Høstturneringen 2011"]
[Site "Ås, Akershus NOR"]
[Date "2011.10.20"]
[Round "5"]
[White "Thowsen, Alf Geir"]
[Black "Olsen, Trygve"]
[Result "0-1"]
[WhiteElo "1166"]
[BlackElo "1291"]
[PlyCount "80"]

1. d4 d5 2. c4 c6 3. Nc3 Nf6 4. e3 Ne4 5. Qc2 f5 6. Bd3 Be6 7. b3 Nd7 8. f3
dxc4 9. Bxe4 cxb3 10. axb3 fxe4 11. Nxe4 Bf7 12. Ne2 e6 13. Bd2 Be7 14. O-O O-O
15. N2g3 Bg6 16. Qc4 Bf7 17. Qc2 a6 18. Bc3 Bg6 19. Qe2 b5 20. b4 Nb6 21. Nc5
Qc8 22. Ra2 Nd5 23. Bd2 Bf6 24. Nge4 Be7 25. Rfa1 Nb6 26. Nxa6 Bxe4 27. fxe4
Nc4 28. Bc3 Bg5 29. Bd2 Nb6 30. Nc5 Rxa2 31. Rxa2 Nc4 32. Rc2 Qe8 33. Rc3 Qg6
34. h3 Ra8 35. Rc2 Ra3 36. Kf2 Qh6 37. Nd3 Qh4+ 38. Kf3 Ra8 39. Nf4 e5 40. dxe5
Nxe5# 0-1

[Event "Høstturneringen 2011"]
[Site "Ås, Akershus NOR"]
[Date "2011.11.03"]
[Round "6"]
[White "Lea, Per"]
[Black "Garmark, Vegard"]
[Result "1-0"]
[WhiteElo "1644"]
[BlackElo "1208"]
[Annotator "Lea,Per"]
[PlyCount "33"]
[EventDate "2011.09.01"]

1. e4 c5 2. Nf3 Nc6 3. d4 cxd4 4. Nxd4 e5 5. Nb5 d6 6. N1c3 a6 7. Na3 b5 8. Nd5
Be6 (8... Nf6 {med overgang til "Torstein-varianten" er sannsynligvis bedre.})
9. c4 {Det beste, til tross for at det gir feltet d4 til svart.} bxc4 $2 (9...
Nf6 {er igjen å foretrekke.}) 10. Nxc4 Nf6 {
Endelig! Men hvit har allikevel fordel.} 11. Bg5 Bxd5 12. exd5 Nb4 $4 (12...
Nd4 {er det eneste brukbare. Analysene og lynsjakkpartiene etterpå ga fordel
til svart i det ene forsøket etter det andre, men vi fant neppe de beste
variantene for hvit hele tida.}) 13. Qa4+ Qd7 14. Qxb4 Nxd5 15. Qd2 Qc6 16. Rc1
Rc8 $4 {Varsellampene bør alltid lyse med svarts dronning i samme linje som
svarts tårn. Kan springeren gi en dødelig avdekker?  Svart ga opp.} 17. Nxd6+
$1 ({Svart tror kanskje han har kontroll etter} 17. Nxe5 Qxc1+ 18. Qxc1 Rxc1+
19. Bxc1 dxe5 20. Bxa6 {men også dette bør vinne greit for hvit.}) 1-0

[Event "Høstturneringen 2011"]
[Site "Ås, Akershus NOR"]
[Date "2011.11.03"]
[Round "6"]
[White "Furnes, Torstein"]
[Black "Høva, Frode"]
[Result "0-1"]
[WhiteElo "1584"]
[BlackElo "1551"]
[Annotator "Furnes,Torstein"]
[PlyCount "72"]
[EventDate "2011.09.01"]

1. d4 Nf6 2. c4 c5 3. d5 e6 4. Nc3 exd5 5. cxd5 d6 6. Nf3 g6 7. e4 Bg7 8. Be2
O-O 9. O-O a6 10. a4 Bg4 11. Bg5 Nbd7 12. Nd2 Bxe2 13. Qxe2 Qc7 14. f4 Rfe8 15.
Qf3 c4 16. Kh1 {Denne stillingen har oppstått i tre partier i Fritz sin
database. Svarts neste trekk finnes ikke i basen, der fortsetter det med 16.
-b6, 16.-Tab8 og 16.-Tac8.} Nc5 $6 {Taper bonde.} 17. e5 $1 (17. Nxc4 $2 {
er dårlig for hvit} Nfxe4 18. Nxe4 Nxe4 $17) 17... Nfd7 ({
Førstevalget til Fritz er} 17... dxe5 18. fxe5 Rxe5 {Taper kvalitet, men er
likevel svarts eneste trekk. Andre trekk gir hvit fordel på minst 3 poeng.} (
18... Nh5 $2 19. d6 Qc6 20. Qxf7+ Kh8 21. Nf3 $18) (18... Qxe5 19. Bxf6 Qxf6
20. Qxf6 Bxf6 21. Rxf6 $18) (18... Nfd7 19. Qxf7+ Kh8 20. Bf6 Rg8 21. Nxc4 $18)
19. Bf4 ({ikke} 19. Bxf6 $2 Rf5) 19... Nd3 20. d6 Qc6 (20... Qxd6 $2 21. Nxc4)
21. Qxc6 bxc6 22. Bxe5 Nxe5 23. Rf4 $11) 18. exd6 Qxd6 19. Nxc4 Qf8 ({
Førstevalget til Fritz er} 19... Qc7 20. f5 Nb3 21. fxg6 f6 (21... fxg6 22.
Rad1 Qxc4 23. Qf7+ Kh8 24. Qxd7) 22. gxh7+ Kh8 (22... Kxh7 $2 23. Qd3+ Kg8 24.
Bf4 $18) 23. Qf4 Qxf4 24. Bxf4 Nxa1 25. Rxa1 Bf8 $16) 20. f5 h6 $2 {Ifølge Frit
z en feil som gjør at hvits fordel øker til 4. Fritz ville heller spilt} (20...
Bxc3 21. fxg6 hxg6 22. Qxc3 Ne4 23. Qh3) 21. fxg6 fxg6 22. Qh3 $2 {Dronningen
skulle heller gått til g3 eller g4. Svarts dronning er truet og har ingen
fluktfelter, og setter han en brikke i veien på f6, faller det på g6. F.eks.} (
22. Qg3 hxg5 (22... Bf6 23. Bxf6 Nxf6 24. Qxg6+ Qg7 25. Qxf6) (22... Nf6 23.
Bxf6 Bxf6 24. Qxg6+ Qg7 25. Qxf6) 23. Rxf8+ Rxf8 24. Qxg5) 22... Nf6 23. Bf4 (
23. Bxf6 {vurderes av Fritz som litt bedre.}) 23... Nce4 24. Nxe4 {
Fritz vurderer d6 eller Sb6 som litt bedre.} Nxe4 25. Be3 $6 {
Tvilsomt. Hvit skulle prøvd å gå fram med d-bonden. F.eks.} (25. d6 Qf7 26. Nd2
Nxd2 27. Bxd2 Qd5 28. Bxh6 Qxd6 29. Bxg7 Kxg7) 25... Qb4 26. Rac1 (26. Nb6 Rad8
27. Bg1 {var et interessant alternativ.}) 26... Rad8 27. Bxh6 $4 {Tapstrekket.
Fritz mener at hvit ville beholdt en liten fordel etter trekk som Sb6, d6
eller Df3.} Qxc4 $3 {En fin kombinasjon som vinner offiser} 28. Qf3 ({
Alternativet var} 28. Rxc4 Nf2+ 29. Kg1 (29. Rxf2 $4 Re1+ 30. Rf1 Rxf1#) 29...
Nxh3+ 30. gxh3 Bxh6) 28... Qxd5 29. Bxg7 Kxg7 30. Rce1 Rf8 31. Qe3 Rxf1+ 32.
Rxf1 Qd3 33. Qf4 Qxf1+ $1 {Avvikler til lett vunnet sluttspill.} 34. Qxf1 Rd1
35. Qxd1 Nf2+ 36. Kg1 Nxd1 0-1

[Event "Høstturneringen 2011"]
[Site "Ås, Akershus NOR"]
[Date "2011.11.03"]
[Round "6"]
[White "Olsen, Trygve"]
[Black "Vivian-Smith, Adam"]
[Result "1-0"]
[WhiteElo "1291"]
[BlackElo "973"]
[PlyCount "47"]

1. e4 Nc6 2. Nf3 e5 3. Bc4 h6 4. c3 Nf6 5. Qb3 Na5 6. Bxf7+ Ke7 7. Qb4+ d6 8.
Bg6 Nc6 9. Qb3 Be6 10. Qa3 Ng4 11. O-O Bc4 12. Re1 Qd7 13. Nh4 b5 14. d3 b4 15.
Qa4 Bxd3 16. Bf5 Qe8 17. Ng6+ Kf6 18. Nxh8 Qh5 19. Bxg4 Qxg4 20. Qxc6 Rb8 21.
Qxc7 Bc4 22. Qxc4 d5 23. Qxd5 Bc5 24. Qf7# 1-0

[Event "Høstturneringen 2011"]
[Site "Ås, Akershus NOR"]
[Date "2011.11.03"]
[Round "6"]
[White "Weberg, Øivind"]
[Black "Thowsen, Alf Geir"]
[Result "1-0"]
[WhiteElo "1387"]
[BlackElo "1166"]
[PlyCount "50"]

1. f4 d5 2. Nf3 Nc6 3. e3 e6 4. Be2 Nf6 5. b3 Bd6 6. Bb2 Qe7 7. O-O b6 8. Nc3
Bb7 9. Nb5 O-O-O 10. Ne5 Bxe5 11. Bxe5 Ne8 12. Bb2 Rg8 13. a4 g5 14. f5 exf5
15. Rxf5 a6 16. Bg4 Kb8 17. Nd4 Nxd4 18. Bxd4 Bc8 19. Re5 Qd6 20. Bxc8 Rxc8 21.
Qf3 g4 22. Qxf7 c5 23. Rxd5 Rf8 24. Qh5 Nf6 25. Be5 Nxh5 1-0